Plant modification for more efficient water use /
Guardado en:
| Otros Autores: | |
|---|---|
| Formato: | Libro |
| Idioma: | English |
| Publicado: |
Amsterdam ; New York :
Elsevier Scientific Pub. Co,
1975.
|
| Series: | Developments in agricultural and managed-forest ecology ;
1 |
| Etiquetas: |
Agregar Etiqueta
Sin Etiquetas, Sea el primero en etiquetar este registro!
|
| LEADER | 00652nam a22001695a 4500 | ||
|---|---|---|---|
| 001 | EEA.libagro001028 | ||
| 008 | 130809s1975####nyua##########000#0#eng#d | ||
| 005 | 20191016110820.0 | ||
| 245 | 1 | 0 | |a Plant modification for more efficient water use / |c edited by John F. Stone. |
| 260 | |a Amsterdam ; |a New York : |b Elsevier Scientific Pub. Co, |c 1975. | ||
| 300 | |a x, 320 p. : |b il. ; |c 25 cm. | ||
| 490 | 1 | |a Developments in agricultural and managed-forest ecology ; |v 1 | |
| 500 | |a "Reprinted from Agricultural meteorology, vol. 14, no. 1/2.". | ||
| 020 | |a 0444412735 | ||
| 700 | 1 | |a Stone, John F. | |
| 082 | 0 | 4 | |a 581.15 |
| 859 | |a AR-BbBCA |b BIB. AGRONOMIA |h 581.15 |i S878 |p 1976/0048 | ||
